Statystyki dla Najskuteczniejsi żużlowcy Ekstraligi

Kliknij tutaj aby rozwiązać quiz!

Ogólne statystyki

  • Ten quiz został rozwiązany 62 razy
    (32 od ostatniego zresetowania)
  • Średni wynik to 16 z 23

Statystyki odpowiedzi

RokZawodnik% Poprawnych
2023Bartosz Zmarzlik
100%
2022Bartosz Zmarzlik
100%
2021Bartosz Zmarzlik
100%
2018Bartosz Zmarzlik
100%
2017Bartosz Zmarzlik
100%
2016Bartosz Zmarzlik
100%
2010Tomasz Gollob
92%
2003Tomasz Gollob
92%
2005Tomasz Gollob
92%
2012Nicki Pedersen
77%
2008Nicki Pedersen
77%
2007Nicki Pedersen
77%
2019Leon Madsen
73%
2014Greg Hancock
65%
2011Jarosław Hampel
65%
2013Jarosław Hampel
65%
2015Jarosław Hampel
65%
2009Jason Crump
58%
2006Jason Crump
58%
2004Andreas Jonsson
27%
2020Emil Sayfutdinov
15%
2002Ryan Sullivan
15%
2001Ryan Sullivan
15%

Rozkład punktacji

Percentyl według liczby udzielonych odpowiedzi

Procent ludzi z każdym wynikiem

Twoja historia wyników

Nie rozwiązałeś tego quizu od ostatniego zresetowania